[Event "AICF Women GM 2018"]
[Site "Mumbai"]
[Date "2018.06.12"]
[Round "1"]
[White "Munguntuul, Batkhuyag"]
[Black "Srija, Seshadri"]
[Result "1-0"]
[WhiteElo "2410"]
[BlackElo "2207"]
[Annotator "TA"]
[PlyCount "85"]
[EventDate "2018.??.??"]
[EventType "tourn"]
[EventCountry "IND"]
[SourceTitle "playchess.com"]
[Source "ChessBase"]
[SourceQuality "1"]

{[%evp 17,85,-20,-25,-31,-27,-27,-22,-10,21,20,12,0,18,5,29,35,61,47,43,56,48,6,59,59,65,64,75,79,62,64,156,78,86,84,110,88,123,120,164,129,117,123,119,132,147,149,202,209,240,118,306,316,337,305,429,420,396,357,350,354,341,122,468,19,1333,1308,2649,2364,7267,6947]} 1. e4 e5 2. Nf3 Nc6 3. Bb5 a6 4. Ba4 Nf6 5. Qe2 b5 6. Bb3 Bc5 7. c3 O-O 8. O-O d5 9. exd5 {C77: Ruy Lopez: 3...a6 4 Ba4 Nf6, unusual lines} e4 {LiveBook: 5 Games} 10. dxc6 {Ne5 is the strong threat.} exf3 11. Qxf3 {Black has an edge.} Bg4 12. Qg3 $1 Be2 (12... Bd6 $5 {[%cal Rd6g3]} 13. Qh4 Be2 $11) 13. d4 $1 {[%cal Rd4c5]} Bd6 14. Qh3 Bxf1 15. Kxf1 Qe8 (15... Re8 16. Be3 Qc8 17. Qxc8 Raxc8 {½-½ (27) Munguntuul,B (2447)-Koneru,H (2598) Jermuk 2012}) 16. Qf3 Kh8 $146 ({Predecessor:} 16... Bxh2) 17. Be3 Ne4 (17... Bxh2 $6 18. g3 $16) 18. Nd2 $36 {[%mdl 2048] White has the initiative.} f5 19. Bc2 {[%cal Rd2e4]} Nxd2+ ({Black should try} 19... Qxc6 $11 20. Kg1 (20. Nxe4 fxe4 21. Bxe4 Qc4+ 22. Qe2 Rae8 $11) 20... Rae8) 20. Bxd2 $14 Qf7 21. b3 Rae8 22. h3 Qf6 23. Bd3 Ba3 {[#]} (23... g5 $14) 24. Rb1 (24. b4 $142 $1) 24... Bd6 $16 25. Rd1 Qh4 26. Be3 Re7 27. c4 f4 28. Bc1 {Threatens to win with c5.} ({Avoid the trap} 28. cxb5 $2 Rxe3 29. Qg4 Qxg4 $19) 28... bxc4 29. bxc4 {Hoping for c5.} Bb4 {And now ...Rfe8 would win.} 30. Kg1 Rfe8 31. Bxf4 ({Don't play} 31. Qxf4 $6 Re1+ 32. Rxe1 Rxe1+ 33. Bf1 Qh5 $11) 31... Qf6 (31... Rf7 $16 {might work better.} 32. Bg3 Rxf3 33. Bxh4 Rf4) 32. Be3 $18 Qe6 33. Qf5 (33. c5 $18) 33... Qg8 $2 (33... Qxf5 $16 34. Bxf5 g6) 34. c5 Rf8 35. Qg5 Rf6 (35... Qf7 $142 36. Bc4 Qe8 37. Bxa6 h6) 36. Qh4 Re8 37. Bxa6 Qxa2 38. Bd3 {[%csl Gd3][%cal Rh4h7]} h6 {[#]} 39. d5 $1 Qb3 $2 {[%mdl 8192]} (39... Rxe3 $16 40. fxe3 Bxc5) (39... Qxd5 40. Qxb4) 40. Qh5 $2 (40. Qg4 $18) 40... Ref8 $2 {[%mdl 8192]} (40... Rxe3 $11 41. fxe3 Bxc5) 41. Bd4 {White is clearly winning.} Bxc5 42. Bxc5 Rd8 43. Be7 {Precision: White = 53%, Black = 21%.} 1-0

[Event "AICF Women GM 2018"]
[Site "Mumbai"]
[Date "2018.06.12"]
[Round "1"]
[White "Tokhirjonova, Gulrukhbegim"]
[Black "Tomilova, Elena"]
[Result "1/2-1/2"]
[WhiteElo "2379"]
[BlackElo "2334"]
[Annotator "NA"]
[PlyCount "58"]
[EventDate "2018.??.??"]
[EventType "tourn"]
[EventCountry "IND"]
[SourceTitle "playchess.com"]
[Source "ChessBase"]
[SourceQuality "1"]
[TimeControl "40/5400+30:1800+30"]

1. d4 {[%emt 0:00:00]} Nf6 {[%emt 0:00:07]} 2. c4 {[%emt 0:00:01]} e6 {[%emt 0:00:07]} 3. Nc3 {[%emt 0:00:21]} Bb4 {[%emt 0:00:13]} 4. Nf3 {[%emt 0:00:32]} b6 {[%emt 0:00:12]} 5. Bg5 {[%emt 0:00:50]} h6 {[%emt 0:00:42]} 6. Bh4 {[%emt 0:00:30]} Bb7 {[%emt 0:00:29]} 7. Nd2 {[%emt 0:01:03]} Nc6 {[%emt 0:03:16]} 8. e3 {[%emt 0:01:39]} Ne7 {[%emt 0:00:29]} 9. f3 {[%emt 0:06:57]} Nf5 {[%emt 0:00:17]} 10. Bf2 {[%emt 0:00:09]} c5 {[%emt 0:00:03]} 11. Bd3 {[%emt 0:03:01]} cxd4 {[%emt 0:00:44]} 12. exd4 {[%emt 0:00:43]} O-O {[%emt 0:00:37]} 13. O-O {[%emt 0:09:59]} d5 {[%emt 0:04:35]} 14. a3 {[%emt 0:15:30]} Bd6 {[%emt 0:10:31]} 15. c5 {[%emt 0:16:24]} bxc5 {[%emt 0:04:08]} 16. dxc5 {[%emt 0:00:14]} d4 {[%emt 0:02:03]} 17. Nce4 {[%emt 0:02:11]} Bf4 {[%emt 0:04:44]} 18. Nxf6+ {[%emt 0:10:43]} Qxf6 {[%emt 0:00:07]} 19. Ne4 {[%emt 0:03:52]} Qe5 {[%emt 0:02:33]} 20. g3 {[%emt 0:04:05]} Be3 {[%emt 0:00:18]} 21. Qe2 {[%emt 0:04:48]} Rfd8 {[%emt 0:08:56]} 22. b4 {[%emt 0:02:50]} Bxe4 {[%emt 0:15:51]} 23. fxe4 {[%emt 0:00:15]} Nxg3 {[%emt 0:00:31]} 24. hxg3 {[%emt 0:00:42]} Qxg3+ {[%emt 0:00:03]} 25. Kh1 {[%emt 0:00:07]} Qh3+ {[%emt 0:00:10]} 26. Kg1 {[%emt 0:00:07]} Qg3+ {[%emt 0:00:01]} 27. Kh1 {[%emt 0:00:14]} Qh3+ {[%emt 0:00:04]} 28. Kg1 {[%emt 0:00:05]} Qg3+ {[%emt 0:00:07]} 29. Kh1 {[%emt 0:00:09]} Qh3+ {[%emt 0:00:07]} 1/2-1/2

[Event "AICF Women GM 2018"]
[Site "Mumbai"]
[Date "2018.06.12"]
[Round "1"]
[White "Vo, Thi Kim Phung"]
[Black "Divya, Deshmukh"]
[Result "1-0"]
[WhiteElo "2376"]
[BlackElo "2138"]
[Annotator "TA"]
[PlyCount "138"]
[EventDate "2018.??.??"]
[EventType "tourn"]
[EventCountry "IND"]
[SourceTitle "playchess.com"]
[Source "ChessBase"]
[SourceQuality "1"]

{[%evp 15,138,42,60,0,27,22,20,-35,-47,-75,-69,-75,-70,-88,-72,-75,-41,-41,-41,-41,-39,-52,-22,-18,-16,-41,0,0,0,-33,43,43,71,86,83,96,91,75,106,116,120,29,100,49,55,51,54,53,41,0,0,0,0,0,0,0,0,0,0,0,41,8,12,12,16,8,8,8,8,8,9,0,8,0,9,9,80,12,291,287,530,520,563,452,416,411,536,567,559,562,557,543,552,540,494,491,658,570,714,622,29965,29964,29994,29995,29998,29990,29990,29990,29993,29992,29992,29990,29991,29991,29991,29986,29986,29985,29986,29987,29988,29989,29989,29990,29992]} 1. d4 Nf6 {[%cal Bg8f6,Bf6e4,Be4c3][%mdl 32]} 2. c4 g6 3. Nc3 d5 4. Bg5 Ne4 5. cxd5 Nxc3 6. bxc3 Qxd5 7. Nf3 Bg7 8. e3 Bg4 {LiveBook: 6 Partien} 9. Qa4+ {D91: Grünfeldindisch (5.Lg5)} (9. Be2 Nd7 10. Bh4 e5 11. O-O O-O 12. h3 Bxf3 13. Bxf3 e4 14. Be2 c5 15. Qb3 Nb6 16. Be7 c4 17. Qb4 {0-1 (42) Mozharov,M (2494)-Dvalishvili,P (2450) Moscow 2010}) 9... Nd7 10. Bc4 Qf5 11. Qb4 (11. Qb5 $11) 11... O-O $146 ({Vorgänger:} 11... c5 12. Qxb7 Rb8 13. Qd5 Rb1+ {½-½ (13) Noll,P-Schertz,F Speyer 1997}) 12. Bxe7 Bxf3 13. gxf3 Qxf3 14. Rg1 {Droht Le2 und aus.} Rfe8 15. Be2 Qe4 16. Bg5 h6 17. Bf4 c5 18. Qb1 {Mit der Idee Dxe4.} Qd5 19. Qb3 Nb6 20. Rb1 cxd4 21. cxd4 Rac8 22. Kf1 Qxb3 ({Besser ist} 22... Nc4 $15 23. Qd3 (23. Qxb7 $2 Nd2+ 24. Ke1 Nxb1 $19) 23... b5) 23. Rxb3 $14 g5 {[#]} 24. Bg3 $1 Rc2 {[#]} 25. a4 $1 {[%mdl 512]} Ra2 (25... Nxa4 26. Bb5) 26. Bf3 Rxa4 27. Bxb7 Ra2 28. Rd3 ({Günstiger ist} 28. Kg2 $16) 28... Nc4 (28... Rb2 $11) 29. Bd5 (29. Rc3 $16 Nd2+ 30. Kg2) 29... Rc2 30. Bxc4 Rxc4 31. Ra3 f5 32. Bd6 f4 33. Kg2 Rc2 {...fxe3 ist eine echte Drohung.} 34. Kf3 fxe3 35. fxe3 Bf8 $1 {[%cal Rf8d6]} 36. Bxf8 Rxf8+ $11 {[%mdl 4096] Endspiel KTT-KTT} 37. Kg3 Re2 38. h4 (38. Rg2 $5 {[%cal Rg2e2]} Re1 39. h4 $16) 38... gxh4+ 39. Kxh4+ Kh8 40. Ra6 {[%cal Ra6h6]} Rh2+ 41. Kg3 Rh5 42. Rc1 {Und Tcc6 würde nun gewinnen.} Rf7 43. Rcc6 Rg5+ 44. Kh4 Rg1 {Weiss muss nun ...Tfg7 beachten.} 45. Kh5 Re1 (45... Kg7 $1 $11) 46. Kxh6 ({Lieber} 46. Rc8+ $16 Kh7 47. Rxh6+ Kg7 48. Rg6+ Kh7 49. Rg3) 46... Rh7+ $2 {[%mdl 8192]} (46... Rf8 $1 $11 {und Schwarz steht sicher.}) 47. Kg5 $18 {Beabsichtigt Tc8+ und Matt.} Rg7+ $2 (47... Rf7 48. Rf6 Re7 49. Rh6+ Kg8 50. Rag6+ Kf7 51. Rh7+ Ke8 52. Rxe7+ Kxe7) 48. Kf4 Reg1 49. Re6 Rd7 50. Ke4 Rd1 51. Ra5 Kg7 52. d5 Re1 53. Kd4 Kf7 54. e4 Rb7 55. Ke5 Rh1 56. Rf6+ Ke8 57. Raa6 Rb5 58. Rxa7 {Weiß setzt Matt.} Rh5+ 59. Ke6 Rb8 60. d6 Rh8 61. e5 Rg8 62. Rh6 Kd8 63. Rd7+ Ke8 64. Rdh7 Rb1 65. Rh8 {[%cal Rh8g8]} Rbg1 66. Rxg8+ Rxg8 67. Rh7 Kd8 68. Ra7 {[%cal Ra7a8]} Rg6+ 69. Kd5 Rg5 {Precision: Weiß = 55%, Schwarz = 37%.} 1-0

[Event "AICF Women GM 2018"]
[Site "Mumbai"]
[Date "2018.06.12"]
[Round "1"]
[White "Nakhbayeva, Guliskhan"]
[Black "Monnisha, G K"]
[Result "1-0"]
[WhiteElo "2323"]
[BlackElo "2295"]
[Annotator "NA"]
[PlyCount "97"]
[EventDate "2018.??.??"]
[EventType "tourn"]
[EventCountry "IND"]
[SourceTitle "playchess.com"]
[Source "ChessBase"]
[SourceQuality "1"]
[TimeControl "40/5400+30:1800+30"]

1. d4 {[%emt 0:00:00]} Nf6 {[%emt 0:00:22]} 2. c4 {[%emt 0:00:00]} e6 {[%emt 0:00:05]} 3. Nc3 {[%emt 0:00:00]} Bb4 {[%emt 0:00:05]} 4. e3 {[%emt 0:00:00]} c5 {[%emt 0:00:06]} 5. Bd3 {[%emt 0:00:54]} Nc6 {[%emt 0:00:15]} 6. Nf3 {[%emt 0:00:55]} Bxc3+ 7. bxc3 {[%emt 0:00:04]} d6 {[%emt 0:00:20]} 8. O-O {[%emt 0:02:36]} h6 {[%emt 0:01:51]} 9. e4 {[%emt 0:01:47]} e5 {[%emt 0:00:09]} 10. d5 {[%emt 0:00:09]} Ne7 {[%emt 0:00:14]} 11. Nh4 {[%emt 0:00:19]} g5 {[%emt 0:01:22]} 12. Qf3 {[%emt 0:04:49]} Nfg8 {[%emt 0:01:26]} 13. Nf5 {[%emt 0:01:26]} Nxf5 {[%emt 0:00:34]} 14. exf5 {[%emt 0:00:06]} Nf6 {[%emt 0:06:02]} 15. Rb1 {[%emt 0:07:17]} Qe7 {[%emt 0:05:39]} 16. Re1 {[%emt 0:04:44]} Rb8 {[%emt 0:07:44]} 17. Qd1 {[%emt 0:06:30]} Bd7 {[%emt 0:03:54]} 18. f4 {[%emt 0:03:02]} gxf4 {[%emt 0:03:51]} 19. Bxf4 {[%emt 0:00:06]} Rg8 {[%emt 0:03:14]} 20. Rb2 {[%emt 0:06:49]} Kd8 {[%emt 0:02:48]} 21. Bxh6 {[%emt 0:15:13]} Ng4 {[%emt 0:01:42]} 22. Bf4 {[%emt 0:03:14]} Qf6 {[%emt 0:04:46]} 23. Bg3 {[%emt 0:01:05]} Qg5 {[%emt 0:17:18]} 24. Qf3 {[%emt 0:02:23]} Nf6 {[%emt 0:04:15]} 25. Qf2 {[%emt 0:12:24]} Rh8 {[%emt 0:04:01]} 26. h3 {[%emt 0:03:12]} Rh5 {[%emt 0:03:26]} 27. Rf1 {[%emt 0:05:04]} b6 {[%emt 0:03:19]} 28. Re2 {[%emt 0:03:09]} Kc7 {[%emt 0:01:39]} 29. Qe1 {[%emt 0:03:33]} Rg8 {[%emt 0:01:25]} 30. Rf3 {[%emt 0:00:05]} Kb7 {[%emt 0:01:29]} 31. Bc2 {[%emt 0:03:22]} Nh7 {[%emt 0:06:21]} 32. a4 {[%emt 0:04:30]} Qh6 {[%emt 0:03:19]} 33. h4 {[%emt 0:00:46]} Rg4 {[%emt 0:03:53]} 34. a5 {[%emt 0:03:28]} Nf6 {[%emt 0:03:47]} 35. Bd3 {[%emt 0:02:16]} Qh7 {[%emt 0:02:08]} 36. axb6 axb6 {[%emt 0:02:55]} 37. Ra2 {[%emt 0:02:00]} Qg8 {[%emt 0:00:06]} 38. Qa1 {[%emt 0:01:00]} Qb8 {[%emt 0:00:11]} 39. Re3 {[%emt 0:00:27]} Bxf5 {[%emt 0:01:55]} 40. Rf2 {[%emt 0:00:39]} Bxd3 {[%emt 0:31:29]} 41. Rxd3 {[%emt 0:04:43]} Rh6 {[%emt 0:00:00]} 42. Rdf3 {[%emt 0:03:39]} Rgg6 {[%emt 0:00:00]} 43. h5 {[%emt 0:02:14]} e4 {[%emt 0:00:00]} 44. Qa4 {[%emt 0:01:14]} Kc8 {[%emt 0:00:00]} 45. hxg6 {[%emt 0:02:47]} exf3 {[%emt 0:00:00]} 46. gxf7 {[%emt 0:00:13]} Nd7 {[%emt 0:00:00]} 47. Rxf3 {[%emt 0:00:46]} Rh8 {[%emt 0:00:00]} 48. Qc6+ {[%emt 0:01:05]} Qc7 {[%emt 0:00:00]} 49. Bxd6 {[%emt 0:00:17]} 1-0

[Event "AICF Women GM 2018"]
[Site "Mumbai"]
[Date "2018.06.12"]
[Round "1"]
[White "Zozulia, Anna"]
[Black "Aakanksha, Hagawane"]
[Result "1/2-1/2"]
[WhiteElo "2314"]
[BlackElo "2297"]
[Annotator "NA"]
[PlyCount "80"]
[EventDate "2018.??.??"]
[EventType "tourn"]
[EventCountry "IND"]
[SourceTitle "playchess.com"]
[Source "ChessBase"]
[SourceQuality "1"]
[TimeControl "40/5400+30:1800+30"]

1. e4 {[%emt 0:00:00]} e6 {[%emt 0:00:13]} 2. d4 {[%emt 0:00:00]} d5 {[%emt 0:00:09]} 3. Nd2 {[%emt 0:00:56]} c5 {[%emt 0:00:28]} 4. exd5 Qxd5 {[%emt 0:00:09]} 5. Ngf3 {[%emt 0:00:52]} cxd4 {[%emt 0:00:22]} 6. Bc4 {[%emt 0:00:06]} Qd6 {[%emt 0:00:08]} 7. O-O {[%emt 0:00:06]} Nf6 {[%emt 0:00:18]} 8. Nb3 {[%emt 0:00:09]} Nc6 {[%emt 0:00:28]} 9. Nbxd4 {[%emt 0:00:06]} Nxd4 10. Qxd4 {[%emt 0:01:57]} Qxd4 {[%emt 0:02:53]} 11. Nxd4 {[%emt 0:01:14]} Bc5 {[%emt 0:00:34]} 12. Nf3 {[%emt 0:14:00]} O-O {[%emt 0:05:08]} 13. Bf4 {[%emt 0:07:39]} b6 {[%emt 0:05:04]} 14. Rad1 {[%emt 0:06:15]} Bb7 {[%emt 0:03:27]} 15. Ne5 {[%emt 0:00:18]} Rfd8 {[%emt 0:03:02]} 16. c3 {[%emt 0:02:42]} Rac8 {[%emt 0:02:15]} 17. Bb3 {[%emt 0:05:27]} Nd5 {[%emt 0:15:30]} 18. Bc1 {[%emt 0:02:42]} b5 {[%emt 0:04:56]} 19. a4 {[%emt 0:04:36]} b4 {[%emt 0:05:21]} 20. cxb4 {[%emt 0:27:38]} Bxb4 {[%emt 0:01:50]} 21. Bd2 {[%emt 0:03:15]} Bxd2 {[%emt 0:04:49]} 22. Rxd2 {[%emt 0:00:03]} Nf4 {[%emt 0:00:13]} 23. Rxd8+ {[%emt 0:00:19]} Rxd8 {[%emt 0:00:01]} 24. f3 {[%emt 0:00:17]} Rd2 {[%emt 0:01:34]} 25. Rf2 {[%emt 0:04:14]} Rd4 {[%emt 0:00:53]} 26. Rc2 {[%emt 0:10:03]} Rb4 {[%emt 0:09:48]} 27. Rd2 {[%emt 0:00:04]} Nd5 {[%emt 0:04:48]} 28. Bxd5 {[%emt 0:07:21]} exd5 {[%emt 0:04:37]} 29. Nd3 {[%emt 0:01:07]} Rxa4 {[%emt 0:01:44]} 30. Nc5 {[%emt 0:00:02]} Ra1+ {[%emt 0:00:09]} 31. Kf2 {[%emt 0:00:03]} Bc6 {[%emt 0:00:24]} 32. Nd3 {[%emt 0:01:51]} Ra4 {[%emt 0:01:16]} 33. b3 {[%emt 0:00:29]} Ra3 {[%emt 0:01:00]} 34. Nb4 {[%emt 0:00:31]} Bb7 {[%emt 0:00:05]} 35. Rd3 {[%emt 0:00:32]} f6 {[%emt 0:00:57]} 36. Nxd5 {[%emt 0:00:08]} Bxd5 {[%emt 0:00:34]} 37. Rxd5 {[%emt 0:00:04]} Rxb3 {[%emt 0:01:55]} 38. Rd8+ {[%emt 0:00:03]} Kf7 {[%emt 0:00:05]} 39. Rd7+ {[%emt 0:00:03]} Kg6 {[%emt 0:00:08]} 40. Rxa7 {[%emt 0:00:04]} Rb2+ {[%emt 0:30:08]} 1/2-1/2

[Event "AICF Women GM 2018"]
[Site "Mumbai"]
[Date "2018.06.12"]
[Round "1"]
[White "Rakshitta, Ravi"]
[Black "Vantika, Agrawal"]
[Result "0-1"]
[WhiteElo "2067"]
[BlackElo "2279"]
[Annotator "NA"]
[PlyCount "66"]
[EventDate "2018.??.??"]
[EventType "tourn"]
[EventCountry "IND"]
[SourceTitle "playchess.com"]
[Source "ChessBase"]
[SourceQuality "1"]
[TimeControl "40/5400+30:1800+30"]

1. e4 {[%emt 0:01:46]} c5 {[%emt 0:00:11]} 2. Nc3 {[%emt 0:00:23]} Nc6 {[%emt 0:00:55]} 3. f4 {[%emt 0:00:18]} g6 {[%emt 0:02:16]} 4. Nf3 {[%emt 0:00:12]} Bg7 {[%emt 0:00:39]} 5. Bc4 {[%emt 0:00:14]} e6 {[%emt 0:09:23]} 6. f5 {[%emt 0:00:39]} a6 {[%emt 0:26:05]} 7. fxe6 {[%emt 0:06:46]} dxe6 {[%emt 0:01:23]} 8. d3 {[%emt 0:02:27]} h6 {[%emt 0:08:43]} 9. Be3 {[%emt 0:10:34]} b6 {[%emt 0:06:27]} 10. O-O {[%emt 0:05:48]} Bb7 {[%emt 0:09:26]} 11. Qd2 {[%emt 0:11:26]} Nf6 {[%emt 0:07:36]} 12. h3 {[%emt 0:08:54]} Qe7 {[%emt 0:04:46]} 13. a4 {[%emt 0:10:13]} g5 {[%emt 0:04:05]} 14. Nxg5 {[%emt 0:05:28]} Ne5 {[%emt 0:09:29]} 15. Ba2 {[%emt 0:02:28]} O-O-O {[%emt 0:01:58]} 16. Qf2 {[%emt 0:02:32]} Nfg4 {[%emt 0:03:22]} 17. hxg4 {[%emt 0:01:06]} hxg5 {[%emt 0:00:25]} 18. a5 {[%emt 0:03:09]} Rh4 {[%emt 0:01:45]} 19. g3 {[%emt 0:15:35]} Rh3 {[%emt 0:00:20]} 20. Kg2 {[%emt 0:02:07]} Nxg4 {[%emt 0:00:37]} 21. Qf3 {[%emt 0:01:44]} Rh2+ {[%emt 0:00:32]} 22. Kg1 {[%emt 0:00:05]} Ne5 {[%emt 0:00:29]} 23. Kxh2 {[%emt 0:00:52]} Nxf3+ {[%emt 0:00:08]} 24. Rxf3 {[%emt 0:00:01]} g4 {[%emt 0:00:47]} 25. Rf2 {[%emt 0:00:39]} b5 {[%emt 0:00:37]} 26. Raf1 {[%emt 0:00:32]} f5 {[%emt 0:00:28]} 27. Kg1 {[%emt 0:02:10]} Be5 {[%emt 0:00:32]} 28. Bf4 {[%emt 0:01:10]} Bd4 {[%emt 0:00:19]} 29. Kg2 {[%emt 0:01:20]} Rh8 {[%emt 0:00:44]} 30. Re2 {[%emt 0:01:25]} c4 {[%emt 0:00:29]} 31. Ree1 {[%emt 0:00:59]} Rh3 {[%emt 0:00:23]} 32. Rh1 {[%emt 0:01:17]} Qh7 {[%emt 0:00:30]} 33. Ne2 {[%emt 0:01:40]} fxe4 {[%emt 0:00:33]} 0-1

[Event "AICF Women GM 2018"]
[Site "Mumbai"]
[Date "2018.06.13"]
[Round "2"]
[White "Tokhirjonova, Gulrukhbegim"]
[Black "Vo, Thi Kim Phung"]
[Result "1/2-1/2"]
[WhiteElo "2379"]
[BlackElo "2376"]
[Annotator "TA"]
[PlyCount "80"]
[EventDate "2018.??.??"]
[EventType "tourn"]
[EventCountry "IND"]
[SourceTitle "playchess.com"]
[Source "ChessBase"]
[SourceQuality "1"]

{[%evp 12,80,21,19,18,0,0,0,15,-2,-4,-48,-2,-2,0,0,-8,-7,-11,14,39,10,16,-14,-10,-14,-14,-14,-14,-23,-23,-17,-14,-25,-19,-37,-18,-41,-18,-14,-7,-20,-13,-19,-11,-28,0,0,16,0,0,-18,6,6,13,0,83,0,72,-26,-26,-26,0,-26,0,-26,0,-26,0,-29,0]} 1. d4 Nf6 2. c4 e6 3. Nc3 Bb4 4. Nf3 O-O 5. Bg5 h6 6. Bh4 c5 7. e3 d5 {E21: Nimzo-Indian: 4 Nf3} (7... cxd4 8. exd4 d5 9. Rc1 Be7 10. c5 b6 11. b4 a5 12. Na4 axb4 13. Nxb6 Rxa2 14. Qb3 Ra7 15. Qxb4 Nbd7 16. Nxd7 Bxd7 {1-0 (36) Wojtaszek,R (2736)-Wang,Y (2699) Dortmund 2017}) 8. a3 Bxc3+ 9. bxc3 Nbd7 {The position is equal.} 10. Qc2 Qa5 11. cxd5 exd5 12. Bd3 Re8 $146 ({Predecessor:} 12... cxd4 13. Nxd4 Ne4 14. O-O Ndc5 15. Bxe4 dxe4 16. Be7 {0-1 (32) Correa,A (2270)-Van Riemsdijk,H (2350) Sao Paulo 1989}) 13. O-O c4 14. Bf5 Ne4 15. Bxe4 Rxe4 16. Bg3 Nb6 17. Bc7 Bf5 18. a4 Re5 19. Qb2 Re6 20. Rfc1 Rc8 {[%cal Ba8c8,Bc8c6,Bc6e6][%mdl 32]} 21. Bf4 a6 22. h3 f6 23. Nd2 Bd3 24. Ra2 {[%cal Ba1a2,Ba2b2,Bb2b4][%mdl 32]} Kh7 25. Rca1 Rcc6 26. Qc1 Re7 27. Qa3 Nc8 28. Rb2 b6 29. Rb4 Rb7 30. Qb2 Re6 31. h4 Na7 32. h5 Kg8 33. f3 f5 {[#]} (33... Nc8 $11) 34. Kf2 (34. Nf1 $1 $16) 34... Kh7 (34... g5 $11 {keeps the balance.} 35. hxg6 Rxg6) 35. g3 (35. Ra2 $16) 35... Kg8 36. Kg2 Kh7 37. Kf2 Kg8 38. Kg2 Kh7 39. Kf2 Kg8 40. Kg2 Kh7 {Precision: White = 30%, Black = 41%.} 1/2-1/2

[Event "AICF Women GM 2018"]
[Site "Mumbai"]
[Date "2018.06.13"]
[Round "2"]
[White "Tomilova, Elena"]
[Black "Srija, Seshadri"]
[Result "1/2-1/2"]
[WhiteElo "2334"]
[BlackElo "2207"]
[Annotator "TA"]
[PlyCount "127"]
[EventDate "2018.??.??"]
[EventType "tourn"]
[EventCountry "IND"]
[SourceTitle "playchess.com"]
[Source "ChessBase"]
[SourceQuality "1"]

{[%evp 20,127,6,-30,-1,0,1,-29,-34,-30,-10,-29,-14,-41,-36,-60,-49,-77,-75,-74,-70,-177,-49,-83,-16,-13,-13,-19,43,25,42,17,46,39,51,0,0,-11,0,0,0,0,0,0,28,0,0,0,68,82,42,0,0,-79,-55,-45,-47,-39,0,0,17,12,35,0,0,0,0,0,0,0,0,-8,-8,-37,-39,-97,-89,-112,-6,-170,-81,-67,0,0,0,0,581,537,1784,1791,1737,1659,1441,1552,1402,1402,937,931,584,9,25,0,0,0,0,0,0,0,512,0]} 1. Nf3 d5 2. g3 Nf6 3. Bg2 e6 4. c4 Be7 5. O-O c5 6. e3 Nc6 7. b3 O-O 8. Bb2 d4 9. exd4 cxd4 10. Re1 Ne8 11. Ba3 {LiveBook: 12 Games. A14: English Opening: 1...e6 with b3 by White} (11. Ne5 Nxe5 12. Rxe5 f6 13. Re1 e5 14. Ba3 Bxa3 15. Nxa3 Rb8 16. b4 Nc7 17. d3 b6 18. Qa4 a6 {½-½ (56) Petrosian,T (2609)-Eljanov,P (2700) Sharjah 2018}) 11... Bxa3 12. Nxa3 f6 13. Nh4 $146 {The position is equal.} ({Predecessor:} 13. d3 e5 14. Qd2 a5 15. Rab1 Nc7 16. Nc2 b5 17. cxb5 Nxb5 18. Nfxd4 Nbxd4 19. Nxd4 Qxd4 20. Bxc6 {1-0 (52) Steiner,B (2143)-Privara,I (2278) Tatranske Zruby 2013}) 13... g5 14. Nf3 e5 15. d3 Bf5 16. h4 h6 17. Nc2 a5 18. Nh2 Nc7 19. a3 Qd7 20. Rb1 (20. hxg5 $15 hxg5 21. Be4) 20... Rf7 (20... gxh4 $19 21. Nf1 Ne6) 21. h5 Rb8 (21... b5 $17) 22. b4 $1 $11 axb4 23. Nxb4 Nd8 (23... Ne7 $11) 24. Nd5 $14 Kg7 25. Rb6 Nde6 26. Qe2 Qd8 27. Reb1 (27. Nxc7 $1 $14 Qxc7 28. Qf3 Qxb6 29. Qxf5) 27... Nc5 $11 28. Be4 Bxe4 29. dxe4 Nxd5 $1 30. exd5 Na4 $36 {[%mdl 2048] Black fights for an advantage.} 31. R6b3 {Strongly threatening Qe4.} Nc3 32. Rxc3 dxc3 33. Qd3 {White wants to play Qg6+.} Qh8 (33... f5 $11) 34. Qxc3 $14 Qh7 35. Re1 Qf5 36. f3 (36. Nf1 $11 {remains equal.}) 36... Qh3 37. Nf1 Qxh5 38. g4 $1 {[%cal Rg4h5]} Qg6 39. Ng3 $1 Kh7 40. Kg2 Rd8 41. Nf5 {[%mdl 1024] And now Rh1 would win. White has compensation.} (41. Rh1 $5 {[%cal Rg3f5]}) 41... h5 42. Rh1 h4 43. Rb1 Rc7 44. Qd3 Kh8 45. Rb6 Rdc8 46. d6 Rd7 47. Qe4 ({White should play} 47. Rb5 $15) 47... Qf7 $17 48. Ne3 Qh7 ({Black should try} 48... Ra8 $17 49. Qd3 Re8) 49. Qd5 $2 (49. Nf5 $1 $11 {and White stays safe.}) 49... e4 (49... Ra8 $19 {has better winning chances.} 50. Rb3 Qg8) 50. fxe4 h3+ (50... Re8 $15 51. Nf5 Re5) 51. Kh2 $1 $11 Re8 52. Nf5 Ra8 $2 {[%mdl 8192]} (52... Re5 $11 53. Qd4 Qf7) 53. Rb3 {aiming for e5.} Qg6 54. Ne7 Rxe7 55. dxe7 $18 {[%mdl 4096] Endgame KQR-KQR} Kg7 56. Rxb7 Re8 57. c5 Qh7 58. c6 Qh4 59. Qd2 $2 ({Better is} 59. Rb2 $18 Qe1 60. Rc2) 59... Qxg4 $11 60. c7 Qc8 $1 {[%cal Rc8b7]} 61. Qb4 {Threatens to win with e5.} Qg4 {[%csl Gh3][%cal Rg4g2]} 62. Qd2 Qc8 $1 {[%cal Rc8b7]} 63. Ra7 {e5! is the strong threat.} Qg4 $2 {[%mdl 8192] [#]} (63... Qe6 $1 $11 {and Black is okay.}) 64. Rb7 $2 {Precision: White = 40%, Black = 41%.} ({Only move:} 64. e5 $1 $18 {[%mdl 512]}) 1/2-1/2